000 00707cab a22002175a 4500
001 L153873
008 110914e20110910xxk 000 0 eng d
035 _a(Sirsi) u153873
041 0 _aeng
100 1 _aCohen, Roger
245 0 0 _aLooking for directions
260 _c2011
490 _aEstates Gazette
_v(1136) 10 September 2011, 89(1)
520 _aOutlines the role of the Adjudicator to HM Land Registry in resolving property disputes.
590 _aKA
650 2 4 _aLAND REGISTRATION ACT 2002
650 2 4 _aSILKSTONE V TATNALL
651 4 _aEngland and Wales
_y1543-
690 _aPROPERTY-PROPERTY ACQUISITION AND DISPOSAL-REGISTRATION OF TITLE TO PROPERTY-LAND REGISTRATION
942 _n0
999 _c83408
_d83408